| 000 | 00508nam a22001817a 4500 | ||
|---|---|---|---|
| 003 | CEME | ||
| 005 | 20210628203430.0 | ||
| 008 | 210119b xxu||||| |||| 00| 0 eng d | ||
| 020 | _a8131202267 | ||
| 040 | _cceme | ||
| 082 | _a671.823 MAR | ||
| 100 |
_aMarciniak, Z, Duncan, J. L, Hu, S. J. _965423 |
||
| 245 | _aMechanics of sheet metal forming | ||
| 260 |
_aINDIA _bBUTTERWORTH _c2006 |
||
| 300 | _aXX, 211P | ||
| 650 |
_aMECHANICS OF SHEET METAL FORMING.SHEET METAL FORMING _965424 |
||
| 942 |
_cBK _2ddc |
||
| 999 |
_c573638 _d573638 |
||